Practice Book Multiply choice Question for GATE and PSUs Computer Science and IT (Record no. 12279)

MARC details
000 -LEADER
fixed length control field 00416nam a22001457a 4500
003 - CONTROL NUMBER IDENTIFIER
control field OSt
008 - FIXED-LENGTH DATA ELEMENTS--GENERAL INFORMATION
fixed length control field 240323b |||||||| |||| 00| 0 eng d
020 ## - INTERNATIONAL STANDARD BOOK NUMBER
International Standard Book Number 9789351473268
082 ## - DEWEY DECIMAL CLASSIFICATION NUMBER
Classification number 004 EAG
100 ## - MAIN ENTRY--PERSONAL NAME
Personal name MADE EASY PUBLICATIONS
245 ## - TITLE STATEMENT
Title Practice Book Multiply choice Question for GATE and PSUs Computer Science and IT
260 ## - PUBLICATION, DISTRIBUTION, ETC. (IMPRINT)
Place of publication, distribution, etc New Delhi
Name of publisher, distributor, etc MADE EASY PUBLICATIONS
Date of publication, distribution, etc 2023
300 ## - PHYSICAL DESCRIPTION
Extent 469
942 ## - ADDED ENTRY ELEMENTS (KOHA)
Source of classification or shelving scheme Dewey Decimal Classification
Koha item type Reference Books
Holdings
Withdrawn status Lost status Source of classification or shelving scheme Damaged status Not for loan Collection code Home library Current library Date acquired Source of acquisition Currency Cost, normal purchase price Bill Number Total Checkouts Full call number Acc. no. / Barcode Date last seen Actual Cost, discounted price Bill Date Koha item type Public note
    Dewey Decimal Classification     Computer Science and Engineering in AI & Data Science PIET C-LIBRARY PIET C-LIBRARY 06/03/2024 UDH Publishers In rupees 750.00 5694   004 EAG 35602 23/03/2024 525.00 06/03/2024 Reference Books Decentralisation

Design & Developed by: PIET Central Library
R70 Miles Stone Pattikalyana Samalkha Panipat 132102
mail ID :- [email protected], Phone No:- 0180-2569700 Ex.216